000 00469nam a2200157 4500
001 116320
003 ES-MaACL
005 20230906190701.0
007 t|
008 061121s1954 po r ||||1| por d
100 1 _aOsorio de Oliveira, José.
_987772
245 1 0 _aUma acçao cultural en Africa /
_cJosé Osorio de Oliveira.
260 _aLisboa :
_b[s.n.],
_c1954 (
_fOficina Gráfica)
300 _a87 p., 12 lám. ;
_c25 cm.
852 _aES-MaACL
_jC-9194
_bR.36955
999 _c116320
_d116320